A legal guide to urban and sustainable development for planners, developers, and architects

Bibliographic Details
Main Author: Slone, Daniel K
Other Authors: Goldstein, Doris S, Gowder, W.Andrew
Format: Book
Language:English
Published: Hoboken , John Wiley & Sons , 2008
Subjects:

MARC

LEADER 00000cam a2200000 7i4500
001 0000019430
005 20090130.0
008 090129 njua i eng
020 |a 9780470053294 
040 |a INS 
090 0 0 |a KF5692   |b S66 2008 
100 1 |a Slone, Daniel K 
245 1 2 |a A legal guide to urban and sustainable development for planners, developers, and architects   |c Daniel K. Slone and Doris S.Goldstein with W.Andrew Gowder 
260 |a Hoboken ,   |c John Wiley & Sons ,   |c 2008 
300 |a xv, 352p. :   |b ill., maps ;   |c 24cm. 
500 |a Includes index 
504 |a Bibliography: p.338-354 
650 0 |a City planning and redevelopment law   |z United States 
650 0 |a Sustainable development   |x law and legislation   |z United StateszUnited States 
650 0 |a Zoning law 
700 1 |a Goldstein, Doris S 
700 1 |a Gowder, W.Andrew 
999 |a 0000020453   |b BOOK   |c Open Shelf   |e Default branch